000 00614nam a2200217Ia 4500
005 20250508153254.0
008 008 250505s9999 xx 000 0 eng d
037 _aTextual
040 _aFEDL
_beng
_cFEDL
041 _aeng
_2eng
084 _a020.954, KAU
_qFEDL
100 _aKaula P N
245 0 _aLibrary movement in India
260 _aNew Delhi, India
_bDelhi Library Association
_c1958
300 _a153p.
365 _aINR
_b10
490 _aDelhi Library Association English Series, 2
650 _aLibrary Science
942 _cTEXL
_h020.954, KAU
999 _c1341658
_d1341658